000 00337nam a2200133 4500
999 _c510822
_d510822
008 190902b ||||| |||| 00| 0 eng d
100 _aSadgopal, Anil
_99412
245 _aNai taleem: Gandhi's challenge to hegemony
260 _c2019
300 _ap.9-30.
773 _aSocial Scientist
906 _aGandhi, M.K.
942 _2ddc
_cAR